Statistics for Most Famous U.S. Vice Presidents With Exceptions

Click here to take the quiz!

General Stats

  • This quiz has been taken 10 times
  • The average score is 5 of 10

Answer Stats

President Served Under % Vice President % Correct
Donald Trump92Mike Pence
100%
George W. Bush79Dick Cheney
100%
George H.W. Bush59Dan Quayle
80%
Richard Nixon57Spiro Agnew
80%
Gerald Ford42Nelson Rockefeller
60%
Grover Cleveland28Adlai Stevenson
20%
Abraham Lincoln27Hannibal Hamlin
20%
Franklin D. Roosevelt24John Nance Garner
20%
John Q. Adams, Andrew Jackson27John C. Calhoun
10%
Harry S. Truman22Alben Barkley
10%

Score Distribution

Percentile by Number Answered

Percent of People with Each Score

Your Score History

You have not taken this quiz